| 000 | 01099nam a2200229Ia 4500 | ||
|---|---|---|---|
| 003 | Ost | ||
| 005 | 20260507075022.0 | ||
| 008 | 260507s9999||||xx |||||||||||||| ||und|| | ||
| 020 | _a3625215977 | ||
| 040 | _cfsecg | ||
| 041 | _aara | ||
| 082 | _a330 | ||
| 100 |
_aالسلمي، على _eمؤلف |
||
| 245 | 0 |
_aخواطر في الإدارة المعاصرة / _c على السلمي |
|
| 260 |
_aالقاهرة: _bدار غريب, _c2001 |
||
| 300 |
_a387 صفحة؛ _bإيضاحات ؛ _c25 سم |
||
| 520 | _aالاتجاهات المعاصرة في الإدارة- إدارة التسيير- مسؤوليات الإدارة المعاصرة وتحديات الواقع الجديد- العولمة وتأثيراتها على الإدارة- خواطر في الإدارة المصرية المعاصرة - التقنية الجديدة وتأثيراتها على الإدارة- الإدارة في الألفية الثالثة- الإدارة من منظور اسلامي | ||
| 653 | _aالإدارة | ||
| 653 | _aالتنظيم | ||
| 653 | _aالعولمة | ||
| 942 | _cكتاب | ||
| 999 |
_c42282 _d42282 |
||